சிவம்

Saved in:
Bibliographic Details
Main Author: சௌந்தர்ராஜன்
Format: Book
Language:English
Published: சென்னை திருமகள் நிலையம் 2021
Tags: Add Tag
No Tags, Be the first to tag this record!

MARC

LEADER 00000nam a22000007a 4500
005 20251107141717.0
008 251107b |||||||| |||| 00| 0 eng d
082 |a 894.8113  |b சௌந்த 
100 |a சௌந்தர்ராஜன் 
245 |a சிவம்  |c இந்திரா சௌந்தரராஜன் 
260 |a சென்னை  |b திருமகள் நிலையம்  |c 2021 
300 |a 464 
942 |c BK 
999 |c 16361  |d 16361